00565nam a2200205Ia 4500003000400000005001700004008004100021020002200062040000700084041000800091082001700099100002300116245006100139260004400200300001500244365001700259440005000276650001200326650002100338OSt20230516135811.0210423s1971 xx 000 0 und d a978-0-19-505316-6 cAL aeng a530.474 STAI aSTANLEY (H Eugene) aIntroduction to phase transitions and critical phenomena aNew YorkbOxford University Pressc1971 axx,308bPB b6496.75cUSD aInternational series of monographs on physics aPhysics aStates of Matter